Personaggi storici nati dopo il 1900 - morte improvvisa - Statistics

Statistiche generali
  • Questo quiz è stato fatto 360 volte
  • Il punteggio medio è 5 su 20
Answers on the Grid
Answers color-coded by a green-red scale on the quiz's grid according to % correct below.
Adolf Hitler
Alan Turing
Albert Einstein
Alexander Fleming
Alfred Hitchcock
Andy Warhol
Audrey Hepburn
Augusto Pinochet
Benito Mussolini
Charlie Chaplin
Che Guevara
Coco Chanel
Fidel Castro
Franklin D. Roosevelt
George Orwell
Giovanni Paolo II
Henry Ford
J.R.R. Tolkien
John F. Kennedy
John Maynard Keynes
Joseph Stalin
Josip Broz Tito
Mahatma Gandhi
Mao Zedong
Margaret Thatcher
Marie Curie
Marilyn Monroe
Martin Luther King Jr.
Neil Armstrong
Nelson Mandela
Niels Bohr
Orson Welles
Pablo Picasso
Pol Pot
Robert Oppenheimer
Stanley Kubrick
Vladimir Lenin
Walt Disney
Werner Karl Heisenberg
Winston Churchill
 
Statistiche sulle risposte
Risposta % Corretto
Giovanni Paolo II
44%
Andy Warhol
39%
John F. Kennedy
39%
Che Guevara
36%
Fidel Castro
32%
Neil Armstrong
30%
Martin Luther King Jr.
28%
Alan Turing
26%
Marilyn Monroe
26%
Stanley Kubrick
25%
Nelson Mandela
24%
Margaret Thatcher
23%
Audrey Hepburn
20%
Augusto Pinochet
17%
George Orwell
13%
Pol Pot
9%
Robert Oppenheimer
9%
Walt Disney
9%
Orson Welles
7%
Werner Karl Heisenberg
0%
Nessun quiz corrispondente trovato
Distribuzione punteggi
Percentuale di utenti per punteggio
Percentile per numero di risposta
I tuoi punteggi nel tempo
Non hai fatto questo quiz